Song to Artist 2012 - Statistics

General Stats
  • This quiz has been taken 13 times
  • The average score is 9 of 20
Answer Stats
Song Artist % Correct
Locked Out of Heaven Bruno Mars
85%
Thrift Shop Macklemore & Ryan Lewis
85%
Payphone Maroon 5
85%
Starships Nicki Minaj
85%
Gangnam Style PSY
85%
Diamonds Rihanna
85%
Whistle Flo Rida
77%
We Are Young fun
77%
Somebody That I Used to Know Gotye
77%
Ho Hey The Lumineers
54%
I Will Wait Mumford & Sons
46%
Drive By Train
38%
Legendary Child Aerosmith
15%
Don't Wake Me Up Chris Brown
15%
Oh Love Green Day
8%
Mercy Kanye West
8%
No Lie 2 Chainz
0%
We Take Care Of Our Own Bruce Springsteen
0%
Still Swingin Papa Roach
0%
Glad You Came The Weeknd
0%
No matching quizzes found
Score Distribution
Percent of People with Each Score
Percentile by Number Answered
Your Score History
You have not taken this quiz